000 01414nam a2200373 a 4500
001 640391
003 OSt
005 20230620110244.0
008 931004s1989 enk b 001 0 eng
010 _a 93130908
020 _a0406114714
040 _aDLC
_cDLC
043 _ae-uk---
050 0 0 _aKD4354
_b.M38 1989
082 0 0 _a328.1
_221
100 1 _aMay, Thomas Erskine,
_d1815-1886.
240 1 0 _aTreatise on the law, privileges, proceedings, and usage of Parliament
245 1 0 _aErskine May's Treatise on the law, privileges, proceedings, and usage of Parliament.
250 _a21st ed. /
_beditor, C.J. Boulton ; assistant editors, J.F. Sweetman ... [et al.].
260 _aLondon :
_bButterworths,
_c1989.
300 _axliv, 1079 p. ;
_c26 cm.
500 _aTitle on half t.p.: The law, privileges, proceedings, and usage of Parliament.
500 _aSpine title: Parliamentary practice.
504 _aIncludes bibliographical references and index.
610 1 0 _aGreat Britain.
_bParliament
_xRules and practice.
650 0 _aParliamentary practice
_zGreat Britain.
700 1 _aBoulton, C. J.
_q(Clifford J.)
700 1 _aSweetman, J. F.
740 0 _aLaw, privileges, proceedings, and usage of Parliament.
740 0 _aParliamentary practice.
906 _a7
_bcbc
_corignew
_d2
_encip
_f19
_gy-gencatlg
942 _2ddc
_cBK
999 _c1611
_d1611